| 000 | 01337nam a22002417a 4500 | ||
|---|---|---|---|
| 001 | 9737 | ||
| 003 | FISKH | ||
| 005 | 20260331154040.0 | ||
| 008 | 260203b cb ||||| |||| 00| 0 eng d | ||
| 020 | _a9781107667679 | ||
| 040 |
_aFISKH _beng _cFISKH _dFISKH |
||
| 050 | _aQA107.2 | ||
| 082 | _a510 | ||
| 100 |
_aMoseley, Cherri _eAuthor |
||
| 245 |
_aCambridge primary Mathematics leaner's book 3 / _cCherri Moseley and Janet Rees |
||
| 260 |
_aNew York : _bCambridge University Press , _c2014 |
||
| 300 |
_a138 pages : _bcolor illustrations ; _c28 cm |
||
| 520 | _aThis series is endorsed by Cambridge International Examinations and is part of Cambridge Maths. Children will enjoy learning mathematics with this fun and attractive learner's book for stage 3. A variety of questions, activities, investigations and games that are designed to reinforce the concepts learnt in the core activities in the teacher's guide and address misconceptions are included along with hints and tips. Clear, often pictorial, explanation of mathematical vocabulary will help children learn new terms whether they are native English speakers or second language speakers and great care has been made to ensure language is accessible. | ||
| 650 |
_aLearner's book _vMathematics |
||
| 700 |
_aRees, Janet _eAuthor |
||
| 942 |
_2ddc _cBK _n0 |
||
| 999 |
_c9737 _d9737 |
||